[Event "Pescia op-A 4th"]
[Site "Pescia"]
[Date "2011.09.17"]
[Round "2"]
[White "Efimov, Igor"]
[Black "Del Giudice, Stefano"]
[Result "1/2-1/2"]
[WhiteElo "2430"]
[BlackElo "1916"]
[PlyCount "74"]
[EventDate "2011.09.16"]
[EventType "swiss"]
[EventRounds "5"]
[EventCountry "ITA"]
[SourceTitle "EXT 2015"]
[Source "ChessBase"]
[SourceDate "2014.11.20"]
[SourceVersion "1"]
[SourceVersionDate "2014.11.20"]
[SourceQuality "1"]

1. d4 d5 2. Nf3 Nf6 3. c4 c6 4. Nc3 e6 5. Bg5 Nbd7 6. e3 Be7 7. Qc2 h6 8. Bh4 0-0 9. Bd3 dxc4 10. Bxc4 Nd5 11. Bg3 Nxc3 12. bxc3 b5 13. Be2 a6 14. 0-0 c5 15. a4 bxa4 16. Rxa4 Nb6 17. Ra2 cxd4 18. exd4 Nd5 19. Qd2 a5 20. Ne5 Ba6 21. c4 Bb4 22. Qd3 Nc3 23. Rc2 Nxe2+ 24. Rxe2 Rc8 25. Rc1 Bd6 26. Ra2 Bxe5 27. Bxe5 f6 28. Bf4 Rf7 29. Bd2 Rd7 30. Bxa5 Rxd4 31. Bxd8 Rxd3 32. Rxa6 Rxc4 33. Re1 Rxd8 34. Raxe6 Rd7 35. h3 Kf7 36. R6e3 Rc2 37. Ra1 Rc6 1/2-1/2

[Event "Chioggia op-A 02nd"]
[Site "Chioggia"]
[Date "2007.05.19"]
[Round "2"]
[White "Luciani, Valerio"]
[Black "Del Giudice, Stefano"]
[Result "1-0"]
[WhiteElo "2300"]
[BlackElo "2051"]
[PlyCount "43"]
[EventDate "2007.05.18"]
[EventType "swiss"]
[EventRounds "5"]
[EventCountry "ITA"]
[SourceTitle "EXT 2022"]
[Source "ChessBase"]
[SourceDate "2021.10.06"]
[SourceVersion "1"]
[SourceVersionDate "2021.10.06"]
[SourceQuality "1"]

1. d4 d5 2. c4 c6 3. Nc3 Nf6 4. cxd5 cxd5 5. Bf4 Qb6 6. Qd2 Nc6 7. e3 Bf5 8. f3 e6 9. g4 Bg6 10. Rc1 Be7 11. Nge2 a6 12. a3 0-0 13. b4 Nd7 14. Bg3 Qd8 15. h4 f6 16. Nf4 Bf7 17. Bd3 Nb6 18. Qc2 e5 19. Bxh7+ Kh8 20. Ng6+ Bxg6 21. Bxg6 exd4 22. Qf5 1-0

[Event "Salsomaggiore Terme op"]
[Site "Salsomaggiore Terme"]
[Date "2005.06.21"]
[Round "4"]
[White "Cottarelli, Franco"]
[Black "Del Giudice, Stefano"]
[Result "1-0"]
[WhiteElo "1930"]
[BlackElo "2077"]
[PlyCount "63"]
[EventDate "2005.06.04"]
[EventType "swiss"]
[EventRounds "6"]
[EventCountry "ITA"]
[SourceTitle "EXT 2006"]
[Source "ChessBase"]
[SourceDate "2005.11.24"]
[SourceVersion "1"]
[SourceVersionDate "2005.11.24"]
[SourceQuality "1"]

1. e4 c5 2. Nc3 Nc6 3. g3 g6 4. Bg2 Bg7 5. d3 d6 6. Be3 Nf6 7. h3 0-0 8. Nge2 e5 9. Qd2 Be6 10. g4 Nd4 11. Ng3 d5 12. g5 Ne8 13. exd5 Bd7 14. Nd1 f5 15. gxf6 Nxf6 16. c3 Qe7 17. d6 Qe8 18. 0-0 Ne6 19. Bxb7 Nf4 20. Bxf4 exf4 21. Qxf4 Bxh3 22. Qc4+ Kh8 23. Bxa8 Qxa8 24. Ne3 Ng4 25. Qe4 Qc8 26. Nxg4 Bxg4 27. Rfe1 Bf3 28. Qe6 Qd8 29. Qe7 Qc8 30. d7 Qd8 31. Qxd8 Rxd8 32. Re8+ 1-0

[Event "Bratto op 22nd"]
[Site "Bratto"]
[Date "2002.08.25"]
[Round "6"]
[White "Del Giudice, Stefano"]
[Black "Astengo, Marcello"]
[Result "1-0"]
[WhiteElo "2073"]
[BlackElo "2124"]
[PlyCount "47"]
[EventDate "2002.08.20"]
[EventType "swiss"]
[EventRounds "9"]
[EventCountry "ITA"]
[SourceTitle "EXT 2003"]
[Source "ChessBase"]
[SourceDate "2002.11.25"]
[SourceVersion "1"]
[SourceVersionDate "2002.11.25"]
[SourceQuality "1"]

1. e4 e6 2. d4 d5 3. Nd2 Nf6 4. e5 Nfd7 5. Bd3 c5 6. c3 Nc6 7. Ne2 Qb6 8. Nf3 cxd4 9. cxd4 f6 10. exf6 Nxf6 11. 0-0 Bd6 12. Nf4 0-0 13. Re1 Nb4 14. Bb1 Bd7 15. a3 Na6 16. Ne5 Rac8 17. Nxd7 Nxd7 18. Nxe6 Rfe8 19. Qg4 Be5 20. Bxh7+ Kxh7 21. Rxe5 Rxe6 22. Rxe6 Qb3 23. Bh6 Rg8 24. Qg6+ 1-0

[Event "Bratto op 22nd"]
[Site "Bratto"]
[Date "2002.08.24"]
[Round "5"]
[White "Del Giudice, Stefano"]
[Black "Piantoni, Roberto"]
[Result "0-1"]
[WhiteElo "2073"]
[BlackElo "2171"]
[PlyCount "52"]
[EventDate "2002.08.20"]
[EventType "swiss"]
[EventRounds "9"]
[EventCountry "ITA"]
[SourceTitle "EXT 2003"]
[Source "ChessBase"]
[SourceDate "2002.11.25"]
[SourceVersion "1"]
[SourceVersionDate "2002.11.25"]
[SourceQuality "1"]

1. e4 Nf6 2. e5 Nd5 3. d4 d6 4. c4 Nb6 5. exd6 cxd6 6. Nc3 g6 7. Bd3 Bg7 8. Be3 Nc6 9. Nge2 0-0 10. b3 d5 11. c5 Nd7 12. Rc1 e5 13. Bb5 Nxc5 14. Bxc6 bxc6 15. dxc5 d4 16. Bd2 dxc3 17. Bxc3 Qg5 18. 0-0 Rd8 19. Qc2 Rd5 20. f4 Qe7 21. b4 Ba6 22. Rcd1 exf4 23. Bxg7 Rxd1 24. Rxd1 Bxe2 25. Re1 Qe3+ 26. Kh1 f3 0-1

[Event "Padova op-B 3rd"]
[Site "Padova"]
[Date "2000.12.03"]
[Round "3.13"]
[White "Del Giudice, Stefano"]
[Black "Opacic, Alexandar"]
[Result "0-1"]
[WhiteElo "1555"]
[BlackElo "1837"]
[PlyCount "62"]
[EventDate "2000.12.02"]
[EventType "swiss"]
[EventRounds "6"]
[EventCountry "ITA"]
[SourceTitle "EXT 2024"]
[Source "ChessBase"]
[SourceDate "2023.10.10"]
[SourceVersion "1"]
[SourceVersionDate "2023.10.10"]
[SourceQuality "1"]

1. e4 e6 2. d4 d5 3. Nd2 dxe4 4. Nxe4 Nf6 5. Bd3 Bd7 6. Nf3 Bc6 7. Qe2 Be7 8. c3 h6 9. 0-0 Nbd7 10. b4 0-0 11. Ng3 Re8 12. Ne5 Nxe5 13. dxe5 Nh7 14. Rd1 Qc8 15. b5 Bd7 16. Qe4 Nf8 17. Qg4 f5 18. Qe2 c6 19. c4 b6 20. Nh5 Ng6 21. Bb2 Bc5 22. Qf3 Rf8 23. Qg3 Kh7 24. Be2 Qe8 25. Rd2 cxb5 26. cxb5 Bxb5 27. Bf3 Rd8 28. Rxd8 Qxd8 29. a4 Qd2 30. axb5 Qxb2 31. Re1 f4 0-1

[Event "Crema op 01st"]
[Site "Crema"]
[Date "1999.09.19"]
[Round "5"]
[White "Sartorio, Diego"]
[Black "Del Giudice, Stefano"]
[Result "1/2-1/2"]
[WhiteElo "1594"]
[BlackElo "1783"]
[PlyCount "46"]
[EventDate "1999.09.17"]
[EventType "swiss"]
[EventRounds "6"]
[EventCountry "ITA"]
[SourceTitle "EXT 2024"]
[Source "ChessBase"]
[SourceDate "2023.10.10"]
[SourceVersion "1"]
[SourceVersionDate "2023.10.10"]
[SourceQuality "1"]

1. e4 c5 2. c3 Nf6 3. e5 Nd5 4. g3 d6 5. exd6 e6 6. Bg2 Bxd6 7. Nf3 Nc6 8. 0-0 0-0 9. Na3 a6 10. Nc2 Qc7 11. Ng5 Nf6 12. d4 cxd4 13. Nxd4 e5 14. Nxc6 bxc6 15. Qc2 h6 16. Ne4 Nxe4 17. Qxe4 Bb7 18. f4 f5 19. Qc4+ Kh7 20. fxe5 Bxe5 21. Bf4 Qb6+ 22. Kh1 Bxf4 23. Qxf4 c5 1/2-1/2

[Event "Crema op 01st"]
[Site "Crema"]
[Date "1999.09.18"]
[Round "4"]
[White "Del Giudice, Stefano"]
[Black "Agrifoglio, Fabio"]
[Result "1/2-1/2"]
[WhiteElo "1783"]
[BlackElo "2028"]
[PlyCount "113"]
[EventDate "1999.09.17"]
[EventType "swiss"]
[EventRounds "6"]
[EventCountry "ITA"]
[SourceTitle "EXT 2024"]
[Source "ChessBase"]
[SourceDate "2023.10.10"]
[SourceVersion "1"]
[SourceVersionDate "2023.10.10"]
[SourceQuality "1"]

1. d4 Nf6 2. Nf3 e6 3. Bg5 d5 4. e3 Be7 5. Bd3 0-0 6. 0-0 b6 7. Nbd2 c5 8. c3 Ba6 9. Bxa6 Nxa6 10. Ne5 Rc8 11. f4 Nb8 12. Qf3 Nbd7 13. Rad1 h6 14. Bh4 Nxe5 15. dxe5 Nd7 16. Bxe7 Qxe7 17. g4 f6 18. Qg3 fxe5 19. fxe5 Qg5 20. Ne4 Rxf1+ 21. Kxf1 Rf8+ 22. Kg2 Qxe5 23. Nf2 Qxg3+ 24. Kxg3 Nf6 25. a4 e5 26. h4 Rd8 27. g5 hxg5 28. hxg5 Nh5+ 29. Kg4 g6 30. Nd3 Re8 31. Nf2 Rf8 32. Nd3 Rf5 33. b4 e4 34. Nb2 Rf3 35. Rxd5 cxb4 36. cxb4 Rxe3 37. Nc4 Rg3+ 38. Kh4 Rh3+ 39. Kg4 Rg3+ 40. Kh4 Rh3+ 41. Kg4 Rg3+ 42. Kh4 Rd3 43. Rxd3 exd3 44. Kg4 Kf7 45. Kf3 Ke7 46. Ne5 Nf4 47. Ke3 Ke6 48. Nc6 Kf5 49. Nxa7 Nd5+ 50. Kxd3 Nxb4+ 51. Ke3 Kxg5 52. Nc8 Nd5+ 53. Kd4 Nc7 54. Nxb6 Kg4 55. Nd7 Kf5 56. Ke3 g5 57. Kf3 1/2-1/2

[Event "Crema op 01st"]
[Site "Crema"]
[Date "1999.09.18"]
[Round "3"]
[White "Scarpellini, Felice"]
[Black "Del Giudice, Stefano"]
[Result "0-1"]
[WhiteElo "1540"]
[BlackElo "1783"]
[PlyCount "54"]
[EventDate "1999.09.17"]
[EventType "swiss"]
[EventRounds "6"]
[EventCountry "ITA"]
[SourceTitle "EXT 2024"]
[Source "ChessBase"]
[SourceDate "2023.10.10"]
[SourceVersion "1"]
[SourceVersionDate "2023.10.10"]
[SourceQuality "1"]

1. c4 g6 2. Nc3 Bg7 3. g3 d6 4. Bg2 e5 5. d3 Ne7 6. Nf3 0-0 7. 0-0 c6 8. Rb1 f5 9. e3 Na6 10. d4 e4 11. Ne1 Qe8 12. f3 d5 13. b3 Be6 14. cxd5 cxd5 15. Ba3 Rc8 16. Na4 Bd7 17. Nc5 Nxc5 18. Bxc5 b6 19. Ba3 Rf6 20. fxe4 fxe4 21. Rxf6 Bxf6 22. Rc1 Nf5 23. Rxc8 Qxc8 24. Nc2 Bg5 25. Qd2 Bb5 26. Bf1 Bxf1 27. Kxf1 Qxc2 0-1

[Event "Crema op 01st"]
[Site "Crema"]
[Date "1999.09.17"]
[Round "2"]
[White "Del Giudice, Stefano"]
[Black "Vujovic, Milorad"]
[Result "0-1"]
[WhiteElo "1783"]
[BlackElo "2306"]
[PlyCount "38"]
[EventDate "1999.09.17"]
[EventType "swiss"]
[EventRounds "6"]
[EventCountry "ITA"]
[SourceTitle "EXT 2024"]
[Source "ChessBase"]
[SourceDate "2023.10.10"]
[SourceVersion "1"]
[SourceVersionDate "2023.10.10"]
[SourceQuality "1"]

1. e4 c5 2. Nf3 e6 3. d4 cxd4 4. Nxd4 Nf6 5. Nc3 d6 6. Be3 a6 7. Be2 Qc7 8. 0-0 b5 9. a3 Bb7 10. Bd3 Nbd7 11. f4 Nc5 12. Qf3 d5 13. exd5 Nxd5 14. Ne4 Rd8 15. b4 Nxd3 16. cxd3 Nxe3 17. Qxe3 Qb6 18. Nc2 Qxe3+ 19. Nxe3 Rxd3 0-1